000 00819nam a22002657a 4500
005 20151211044730.0
008 080820s2006 gw bg e 1 eng
020 _a9783623001005
041 0 _aeng
052 _a3200
080 _a912
110 2 _aKlett Perthes (Firm)
245 1 0 _aPerthes world atlas /
_ceditor-in-chief, Guntram H. Herb ; editors, David H. Kaplan, Mark Monmonier ; [authors, Detlef Busche, Jürgen Kempf, Willi Stegner].
255 _aScales differ.
260 _aGotha, Germany :
_bKlett-Perthes Verlag,
_c2006.
300 _a315 f.
_bme il.;
_c28 cm.
650 0 _aAtlaset
700 1 _aHerb, Guntram Henrik,
700 1 _aKaplan, David H.,
700 1 _aMonmonier, Mark S.
700 1 _aBusche, Detlef.
700 1 _aKempf, Jürgen.
700 1 _aStegner, Willi.
942 _2udc
_cBK
999 _c745
_d745